000 00438nam a2200181Ia 4500
005 20240921120718.0
008 240921s9999||||xx |||||||||||||| ||und||
041 _aENGLISH
082 _A519 N8
100 _aRajendran B [et al]
245 0 _aEngineering mathematics
250 _a1st
260 _c1998
_bAllied,Ahamadabad
500 _aAlgebra
650 _aEngineering Mathematics
_bMathematics
942 _cBK
999 _c247380
_d247380